000 01092nam0a2200301 4500
001 RU\NLR\bibl\297853
005 20250620144325.0
035 _a(NLR Aleph) 000293161
090 _a1716806
_c1716806
100 _a20020820d2002 |||y0rusy50 ca
101 0 _arus
102 _aRU
105 _ay |||||||||
200 1 _aИз истории Союза польских писателей (1945-1980 гг.)
_fЮсупов Р.Р.
210 _aКазань
_cГран Дан
_d2002
215 _a83,[1] с.
_d21
300 _aНа обороте тит. л. авт.: д.ист.н., проф. Р.Р. Юсупов
320 _aБиблиогр. в примеч.: с 76-83
601 0 2 _aСоюз польских писателей
_2psbo
601 0 2 _aСоюз польских писателей
_92257227
_3RU\NLR\auth\661353628
686 _aШ5(4П)л52
700 1 _aЮсупов
_bР. Р.
_gРивкат Рашидович
_4070
801 0 _aRU
_bNLR
_c20020820
_gPSBO
801 1 _aRU
_bNLR
_c20020820
830 _aАвт. по кн.
942 _cBOOK
980 _aNB